000 00541nam a22001817a 4500
005 20240920132846.0
008 240918b |||||||| |||| 00| 0 eng d
020 _a978-93-87483-19-4
041 _aeng
082 _a615.85
100 _aJAIN DR. BRIJENDRA BRAJMOHAN, & TRIVEDI, DR. NAITIK. D. AND SINGH, PRIYANKA
_98523
245 _aPATHOPHYSIOLOGY [ B.PHARMA, 2ND. SEMESTER]
250 _aRE. PRINT ED. 2023.
260 _aLUCKNOW
_bTHAKUR PUBLICATION PVT.LTD
300 _a303;P
650 _aPHARMACY
_xB.PHARMA
942 _cBK
999 _c8652
_d8650